[Event "DEM U14w 2012"]
[Site "Oberhof GER"]
[Date "2012.05.29"]
[Round "5"]
[White "Sherif, Amina"]
[Black "Wheeler, Sara"]
[Result "1-0"]
[Termination "normal"]
[Board "10"]
[WhiteElo "1574"]
[BlackElo "1320"]
[PlyCount "73"]
[WhiteFideId "12911690"]
[BlackFideId "12923079"]
[EventCountry "GER"]
[EventRounds "9"]
[EventType "swiss"]
[EventDate "2012.05.26"]

1. e4 c5 2. Nc3 Nc6 3. f4 g6 4. Nf3 Bg7 5. Bb5 Nd4 6. O-O Nxb5 7. Nxb5 d6 8. d3
a6 9. Nc3 e6 10. Qe1 Ne7 11. Bd2 Bd7 12. Qf2 O-O 13. e5 Bc6 14. Rae1 Rb8 15.
exd6 Qxd6 16. Ne5 Nd5 17. Ne4 Qc7 18. Qxc5 Rbd8 19. b3 Nb6 20. Ba5 Rd5 21. Qxb6
Qc8 22. Nc3 Rdd8 23. Nxc6 bxc6 24. Ne2 Rd5 25. Bc3 Rb5 26. Qe3 Bxc3 27. Nxc3
Rh5 28. Ne4 Qd8 29. Rf3 Rf5 30. Rg3 Qb8 31. Rf1 Qb4 32. c4 a5 33. Rg5 Rxg5 34.
fxg5 a4 35. Nf6+ Kg7 36. Qd4 Rb8 37. Nd5+ 1-0

[Event "DEM U14w 2012"]
[Site "Oberhof GER"]
[Date "2012.05.29"]
[Round "5"]
[White "Wetzler, Sophia"]
[Black "Lemke, Berfîn"]
[Result "1/2-1/2"]
[Termination "normal"]
[Board "11"]
[WhiteElo "1297"]
[BlackElo "1530"]
[PlyCount "60"]
[WhiteFideId "12951960"]
[BlackFideId "1270578"]
[EventCountry "GER"]
[EventRounds "9"]
[EventType "swiss"]
[EventDate "2012.05.26"]

1. f4 d5 2. Nf3 c5 3. e3 Nc6 4. b3 Nf6 5. Bb5 Bd7 6. Bb2 e6 7. d3 Qa5+ 8. Nc3
d4 9. Bxc6 Bxc6 10. exd4 Bxf3 11. Qxf3 Nd5 12. O-O Nxc3 13. Qxb7 Ne2+ 14. Kh1
Rd8 15. Qc6+ Rd7 16. f5 Qb6 17. Qxb6 axb6 18. dxc5 Bxc5 19. Bxg7 Rg8 20. Bb2
Bd4 21. c3 Bxc3 22. Bxc3 Nxc3 23. Rac1 Rxd3 24. Rf3 Rd1+ 25. Rxd1 Nxd1 26. Kg1
Nb2 27. Rc3 Rg5 28. Rc8+ Ke7 29. Rc7+ Kf6 30. fxe6 fxe6 1/2-1/2

[Event "DEM U14w 2012"]
[Site "Oberhof GER"]
[Date "2012.05.29"]
[Round "5"]
[White "Petermann, Tessa"]
[Black "Morio, Estelle"]
[Result "1-0"]
[Termination "normal"]
[Board "12"]
[WhiteElo "1428"]
[BlackElo "1355"]
[PlyCount "63"]
[WhiteFideId "12929492"]
[BlackFideId "12951951"]
[EventCountry "GER"]
[EventRounds "9"]
[EventType "swiss"]
[EventDate "2012.05.26"]

1. e4 d6 2. d4 Nf6 3. Nc3 Nbd7 4. f4 e5 5. Nf3 exd4 6. Nxd4 Be7 7. Bd3 O-O 8.
O-O c6 9. Qf3 Nc5 10. b3 Re8 11. Bb2 Qb6 12. Kh1 Bg4 13. Qf2 Bf8 14. Rae1 Nxd3
15. cxd3 Nd7 16. h3 Nc5 17. Qg3 Bd7 18. f5 a5 19. f6 g6 20. h4 h5 21. Nf5 Be6
22. Nxd6 Red8 23. e5 Qb4 24. Rf4 Qb6 25. d4 Na6 26. Nce4 Rd7 27. Ng5 Bd5 28.
Ngxf7 Rxf7 29. Qxg6+ Bg7 30. Nxf7 Kf8 31. fxg7+ Ke7 32. Qd6+ 1-0

[Event "DEM U14w 2012"]
[Site "Oberhof GER"]
[Date "2012.05.29"]
[Round "5"]
[White "Reyher, Susan"]
[Black "Klinge, Alexandra"]
[Result "0-1"]
[Termination "normal"]
[Board "13"]
[WhiteElo "1413"]
[BlackElo "1303"]
[PlyCount "124"]
[WhiteFideId "24686107"]
[EventCountry "GER"]
[EventRounds "9"]
[EventType "swiss"]
[EventDate "2012.05.26"]

1. e4 c5 2. Nf3 Nc6 3. d4 cxd4 4. Nxd4 g6 5. c4 Bg7 6. Be3 e6 7. Nc3 a6 8. Be2
Nge7 9. O-O O-O 10. Qd2 Qa5 11. a3 Qc7 12. b4 Rd8 13. f4 d6 14. b5 Na5 15. b6
Qd7 16. Rab1 f5 17. Nf3 Qc6 18. c5 fxe4 19. Nd4 Qd7 20. Nxe4 e5 21. Nf3 Nac6
22. Qxd6 Qxd6 23. cxd6 Nf5 24. Bc5 exf4 25. Bc4+ Kh8 26. Nfg5 Ne5 27. Ne6 Bxe6
28. Bxe6 Nd3 29. d7 Nxc5 30. Nxc5 Bd4+ 31. Kh1 Bxc5 32. Rfc1 Be7 33. Rc8 Nd4
34. Bd5 Raxc8 35. dxc8=Q Rxc8 36. Bxb7 Rb8 37. Bxa6 Bxa3 38. b7 Nc6 39. Rb3 Na5
40. Rxa3 Nxb7 41. Bxb7 Rxb7 42. h3 Kg7 43. Rf3 g5 44. Kh2 Kf6 45. Rc3 Rb2 46.
Rf3 Kf5 47. Rf1 h5 48. Kg1 g4 49. h4 g3 50. Rf3 Kg4 51. Rf1 Rb4 52. Kh1 Kxh4
53. Kg1 Kg4 54. Rf3 h4 55. Rf1 h3 56. Kh1 Rb2 57. Kg1 Rxg2+ 58. Kh1 Rf2 59. Re1
h2 60. Rd1 Kh3 61. Rg1 Rf1 62. Rxf1 g2# 0-1

[Event "DEM U14w 2012"]
[Site "Oberhof GER"]
[Date "2012.05.29"]
[Round "5"]
[White "Eltze, Marlen"]
[Black "Holschuh, Luisa"]
[Result "1/2-1/2"]
[Termination "normal"]
[Board "14"]
[WhiteElo "1183"]
[BlackElo "1289"]
[PlyCount "59"]
[BlackFideId "12951978"]
[EventCountry "GER"]
[EventRounds "9"]
[EventType "swiss"]
[EventDate "2012.05.26"]

1. e4 d5 2. exd5 Qxd5 3. Nc3 Qd6 4. Bc4 a6 5. Nf3 Nf6 6. O-O b5 7. Bb3 Bb7 8.
d3 e6 9. Be3 Be7 10. Re1 c5 11. a3 O-O 12. Qe2 Nc6 13. Rad1 Rfd8 14. Ne4 Nxe4
15. dxe4 Qc7 16. Bg5 Nd4 17. Nxd4 cxd4 18. Bxe7 Qxe7 19. Rd3 Rac8 20. Red1 Qc5
21. Qd2 e5 22. f3 Kf8 23. Kf1 Rd6 24. c3 Rcd8 25. cxd4 exd4 26. Rc1 Qb6 27. Qb4
Ke8 28. Qc5 Rc8 29. Qe5+ Kf8 30. Rxc8+ 1/2-1/2

[Event "DEM U14w 2012"]
[Site "Oberhof GER"]
[Date "2012.05.30"]
[Round "6"]
[White "Manusina, Nicole"]
[Black "Schwarz, Larissa"]
[Result "1-0"]
[Termination "normal"]
[Board "1"]
[WhiteElo "1783"]
[BlackElo "1875"]
[PlyCount "67"]
[WhiteFideId "24657514"]
[BlackFideId "24699004"]
[EventCountry "GER"]
[EventRounds "9"]
[EventType "swiss"]
[EventDate "2012.05.26"]

1. d4 Nf6 2. c4 g6 3. Nc3 d5 4. cxd5 Nxd5 5. e4 Nxc3 6. bxc3 Bg7 7. Bc4 c5 8.
Ne2 O-O 9. O-O Nc6 10. Be3 Qc7 11. Rc1 Rd8 12. Bf4 Qd7 13. dxc5 Qe8 14. Bd5 Ne5
15. Qc2 e6 16. Bb3 Nd3 17. Ba4 Bd7 18. Qxd3 Bxa4 19. Bd6 b6 20. Qe3 Rac8 21. e5
bxc5 22. Bxc5 Bxe5 23. Bxa7 Bg7 24. Bd4 e5 25. Bb6 Rd6 26. c4 Qd7 27. c5 Rd3
28. Qe4 Bc6 29. Qb4 Ra8 30. Ba5 Rd2 31. Qxd2 Qxd2 32. Bxd2 Rxa2 33. Rcd1 Ba4
34. Nc3 1-0

[Event "DEM U14w 2012"]
[Site "Oberhof GER"]
[Date "2012.05.30"]
[Round "6"]
[White "Wiesner, Paula"]
[Black "Zahn, Alina"]
[Result "1-0"]
[Termination "normal"]
[Board "2"]
[WhiteElo "1770"]
[BlackElo "1773"]
[PlyCount "63"]
[WhiteFideId "24654019"]
[BlackFideId "24696730"]
[EventCountry "GER"]
[EventRounds "9"]
[EventType "swiss"]
[EventDate "2012.05.26"]

1. d4 d5 2. c4 e6 3. Nc3 Be7 4. cxd5 exd5 5. Bf4 c6 6. Qc2 Nf6 7. e3 Nh5 8. Bg3
Nd7 9. Bd3 g6 10. Nf3 Nxg3 11. hxg3 Nf6 12. O-O-O Bd7 13. e4 dxe4 14. Nxe4 Nxe4
15. Bxe4 Be6 16. Qc3 Bf6 17. Kb1 Qb6 18. Ne5 Qc7 19. f4 O-O-O 20. Rc1 h5 21.
Qf3 Bxe5 22. fxe5 Rxd4 23. Bxc6 Kb8 24. Qe3 Rhd8 25. Bd5 Qb6 26. Bxe6 Qxe6 27.
Rhf1 R4d5 28. Qc3 R5d7 29. Rf6 Qd5 30. Rd6 Qe4+ 31. Ka1 Qa4 32. Qc7+ 1-0

[Event "DEM U14w 2012"]
[Site "Oberhof GER"]
[Date "2012.05.30"]
[Round "6"]
[White "Nobis, Anna"]
[Black "Kempe, Anne"]
[Result "0-1"]
[Termination "normal"]
[Board "4"]
[WhiteElo "1577"]
[BlackElo "1648"]
[PlyCount "124"]
[WhiteFideId "1270302"]
[BlackFideId "12918083"]
[EventCountry "GER"]
[EventRounds "9"]
[EventType "swiss"]
[EventDate "2012.05.26"]

1. e4 c5 2. b3 Nc6 3. Bb2 d6 4. Bb5 Bd7 5. Nf3 Nf6 6. Qe2 e6 7. O-O Be7 8. e5
dxe5 9. Nxe5 Nxe5 10. Bxe5 O-O 11. Bd3 Bc6 12. Qe3 Nd5 13. Qh3 h6 14. Qg4 Bf6
15. f4 Bxe5 16. fxe5 Nb4 17. Qc4 Nxd3 18. cxd3 Qg5 19. Rf2 Qxe5 20. Qc3 Qd6 21.
Na3 Rfd8 22. Raf1 f6 23. Qc4 Qd5 24. Rc1 Qxc4 25. dxc4 Rd3 26. Re1 e5 27. Nb1
a6 28. Nc3 Rad8 29. Ree2 b5 30. cxb5 axb5 31. Nb1 Ra8 32. Re3 Rxe3 33. dxe3 b4
34. Rb2 Kf7 35. Kf2 Ke6 36. g3 Bb5 37. Nd2 Kd5 38. Kf3 Bd3 39. h3 Kc6 40. e4 g6
41. g4 Kb5 42. Ke3 c4 43. bxc4+ Bxc4 44. Nxc4 Kxc4 45. Rc2+ Kb5 46. Kf2 Kb6 47.
Kg2 Ra3 48. Rf2 Kc5 49. Re2 Kd4 50. Rb2 Kxe4 51. Rxb4+ Kd3 52. Rb2 f5 53. Rf2
Ke4 54. Kh2 f4 55. Kg2 h5 56. gxh5 gxh5 57. Re2+ Kf5 58. Rf2 e4 59. Rc2 f3+ 60.
Kg3 h4+ 61. Kf2 Kf4 62. Kf1 Kg3 0-1

[Event "DEM U14w 2012"]
[Site "Oberhof GER"]
[Date "2012.05.30"]
[Round "6"]
[White "Heinemann, Josefine"]
[Black "Gaßmann, Linda"]
[Result "1/2-1/2"]
[Termination "normal"]
[Board "5"]
[WhiteElo "1853"]
[BlackElo "1779"]
[PlyCount "80"]
[WhiteFideId "12900460"]
[BlackFideId "12900451"]
[EventCountry "GER"]
[EventRounds "9"]
[EventType "swiss"]
[EventDate "2012.05.26"]

1. e4 e5 2. Nf3 Nf6 3. Nxe5 d6 4. Nf3 Nxe4 5. d4 d5 6. Bd3 Bd6 7. O-O O-O 8. c4
c6 9. Nc3 Nxc3 10. bxc3 dxc4 11. Bxc4 Nd7 12. Re1 Nb6 13. Bd3 Bg4 14. Bc2 Bh5
15. h3 Qf6 16. a4 Nd5 17. c4 Nf4 18. Bxf4 Qxf4 19. Qd2 Qxd2 20. Nxd2 Bb4 21.
Re5 Bxd2 22. Rxh5 g6 23. Re5 Bc3 24. Rd1 Rfd8 25. Re7 Bxd4 26. Rxb7 Bb6 27.
Rdd7 Rxd7 28. Rxd7 Rd8 29. Rxd8+ Bxd8 30. Be4 c5 31. Bd5 Kf8 32. Kf1 f5 33. Ke2
Ke7 34. Kf3 Kf6 35. g4 h5 36. gxh5 gxh5 37. Kg3 Kg5 38. f4+ Kg6 39. Kf3 h4 40.
Be6 Kf6 1/2-1/2

[Event "DEM U14w 2012"]
[Site "Oberhof GER"]
[Date "2012.05.30"]
[Round "6"]
[White "Srokovskiy, Andrea"]
[Black "Brandl, Lea Maria"]
[Result "1/2-1/2"]
[Termination "normal"]
[Board "6"]
[WhiteElo "1767"]
[BlackElo "1622"]
[PlyCount "43"]
[WhiteFideId "4624947"]
[BlackFideId "24693049"]
[EventCountry "GER"]
[EventRounds "9"]
[EventType "swiss"]
[EventDate "2012.05.26"]

1. e4 c5 2. Nf3 d6 3. Bb5+ Bd7 4. Bxd7+ Qxd7 5. c4 Nf6 6. Nc3 Nc6 7. d4 cxd4 8.
Nxd4 g6 9. O-O Bg7 10. Nxc6 Qxc6 11. Qd3 Rc8 12. Qd4 a6 13. b3 O-O 14. Bb2 Nxe4
15. Nd5 Bxd4 16. Nxe7+ Kg7 17. Bxd4+ f6 18. Nxc6 Rxc6 19. Rfe1 Nc5 20. Re7+ Rf7
21. Rae1 Rc7 22. Rxc7 1/2-1/2

[Event "DEM U14w 2012"]
[Site "Oberhof GER"]
[Date "2012.05.30"]
[Round "6"]
[White "Sherif, Amina"]
[Black "Fesselier, Melissa"]
[Result "0-1"]
[Termination "normal"]
[Board "7"]
[WhiteElo "1574"]
[BlackElo "1624"]
[PlyCount "104"]
[WhiteFideId "12911690"]
[BlackFideId "20689284"]
[EventCountry "GER"]
[EventRounds "9"]
[EventType "swiss"]
[EventDate "2012.05.26"]

1. e4 e6 2. Nc3 d5 3. Nf3 d4 4. Ne2 c5 5. Ng3 Nf6 6. Bc4 Nc6 7. a3 a6 8. d3 Bd6
9. O-O O-O 10. c3 h6 11. Qc2 Qc7 12. Ne2 Rd8 13. Kh1 b5 14. Ba2 Qb6 15. Ne1 Bc7
16. f4 Bb7 17. f5 exf5 18. Rxf5 Ne7 19. Rf3 c4 20. Nxd4 cxd3 21. Qb3 Rf8 22.
Be3 Qd6 23. Bf4 Qd7 24. Bxh6 Ng6 25. Rxf6 gxf6 26. Bxf8 Rxf8 27. Nxd3 Qd6 28.
e5 fxe5 29. Qb4 Qxb4 30. Nxb4 exd4 31. cxd4 Nf4 32. d5 Rd8 33. Rd1 a5 34. g3
axb4 35. gxf4 bxa3 36. bxa3 Bxf4 37. Kg1 Bd6 38. Rd3 Ra8 39. Kg2 Rxa3 40. Rxa3
Bxa3 41. Kg3 Bd6+ 42. Kg2 b4 43. h4 Kg7 44. Kf3 Be7 45. Kg4 Bc8+ 46. Kg3 Bf5
47. Bb3 Kf6 48. Kf4 Bd6+ 49. Kf3 Ke5 50. h5 Be4+ 51. Kg4 Bxd5 52. h6 Bf8 0-1

[Event "DEM U14w 2012"]
[Site "Oberhof GER"]
[Date "2012.05.30"]
[Round "6"]
[White "Rosmait, Emily"]
[Black "Döpper, Anna Berenice"]
[Result "1-0"]
[Termination "normal"]
[Board "8"]
[WhiteElo "1628"]
[BlackElo "1419"]
[PlyCount "107"]
[WhiteFideId "12937754"]
[BlackFideId "1271853"]
[EventCountry "GER"]
[EventRounds "9"]
[EventType "swiss"]
[EventDate "2012.05.26"]

1. e4 e6 2. d4 d5 3. Nd2 c5 4. exd5 exd5 5. dxc5 Bxc5 6. Nb3 Bd6 7. Nf3 Nf6 8.
Bg5 Be6 9. Bb5+ Nbd7 10. O-O O-O 11. Re1 a6 12. Bxd7 Bxd7 13. Bxf6 Qxf6 14.
Qxd5 Bc6 15. Qd4 Qh6 16. Nbd2 Rad8 17. Qc3 Bf4 18. Nf1 Rd5 19. Ng3 Rb5 20. b3
Bxg3 21. fxg3 Rh5 22. Nh4 Rd8 23. Rad1 Rhd5 24. Nf5 Qg5 25. Ne7+ Kf8 26. Nxd5
Rxd5 27. Rxd5 Qxd5 28. Qf3 Qa5 29. Qd1 Qc5+ 30. Kh1 g6 31. Qd2 Kg7 32. c3 Qf5
33. Qd4+ Kg8 34. Qd8+ Kg7 35. Qd4+ Kg8 36. Qd8+ Kg7 37. Qd4+ Kg8 38. Qd2 Kg7
39. Qe2 Kg8 40. Rd1 Kg7 41. Qd3 Be4 42. Qd4+ Kh6 43. Qe3+ Kg7 44. Re1 Bb1 45.
Qd4+ Kh6 46. a3 Bd3 47. Qf4+ Qxf4 48. gxf4 Bb5 49. Re7 Bc6 50. Rxf7 Bd5 51. Re7
Bxb3 52. Rxb7 Bc4 53. Rb6 Kh5 54. Rb4 1-0

[Event "DEM U14w 2012"]
[Site "Oberhof GER"]
[Date "2012.05.30"]
[Round "6"]
[White "Schneider, Sabrina"]
[Black "Petermann, Tessa"]
[Result "1/2-1/2"]
[Termination "normal"]
[Board "9"]
[WhiteElo "1237"]
[BlackElo "1428"]
[PlyCount "44"]
[WhiteFideId "12951986"]
[BlackFideId "12929492"]
[EventCountry "GER"]
[EventRounds "9"]
[EventType "swiss"]
[EventDate "2012.05.26"]

1. e4 c5 2. Nf3 e6 3. d4 cxd4 4. Nxd4 a6 5. c4 Nf6 6. Nc3 Qc7 7. Be2 Bb4 8. f3
O-O 9. O-O Bc5 10. Kh1 Bxd4 11. Qxd4 Nc6 12. Qf2 Rd8 13. Be3 Qb8 14. Na4 d5 15.
Rad1 b5 16. cxd5 exd5 17. exd5 Nxd5 18. Rxd5 Rxd5 19. Nb6 Rd8 20. Nxa8 Qxa8 21.
Rd1 Rxd1+ 22. Bxd1 Be6 1/2-1/2

[Event "DEM U14w 2012"]
[Site "Oberhof GER"]
[Date "2012.05.30"]
[Round "6"]
[White "Klinge, Alexandra"]
[Black "Wetzler, Sophia"]
[Result "1/2-1/2"]
[Termination "normal"]
[Board "10"]
[WhiteElo "1303"]
[BlackElo "1297"]
[PlyCount "77"]
[BlackFideId "12951960"]
[EventCountry "GER"]
[EventRounds "9"]
[EventType "swiss"]
[EventDate "2012.05.26"]

1. c4 e5 2. g3 Nf6 3. Bg2 d5 4. cxd5 Nxd5 5. Nc3 Nxc3 6. bxc3 Bc5 7. Bb2 O-O 8.
Qc2 Qf6 9. e3 Nc6 10. Ne2 Bf5 11. Qc1 Rad8 12. O-O Bd3 13. Re1 Qh6 14. Qd1 Kh8
15. Nc1 Bb5 16. d4 exd4 17. exd4 Bd6 18. Re4 f5 19. Rh4 Qg6 20. Qd2 Rde8 21.
Bf3 f4 22. Bh5 Qe4 23. Bxe8 Rxe8 24. Nb3 Qf3 25. Re1 Ne7 26. Qd1 Qc6 27. Qh5
Bd3 28. gxf4 Bg6 29. Qg4 Nf5 30. Rxe8+ Qxe8 31. Rh3 Qe1+ 32. Kg2 Qe4+ 33. Qf3
Qc2 34. Qxb7 Nh4+ 35. Kg3 Bxf4+ 36. Kxf4 Qxf2+ 37. Rf3 Qxh2+ 38. Ke3 Qg1+ 39.
Kf4 1/2-1/2

[Event "DEM U14w 2012"]
[Site "Oberhof GER"]
[Date "2012.05.30"]
[Round "6"]
[White "Wheeler, Sara"]
[Black "Lemke, Berfîn"]
[Result "1/2-1/2"]
[Termination "normal"]
[Board "11"]
[WhiteElo "1320"]
[BlackElo "1530"]
[PlyCount "96"]
[WhiteFideId "12923079"]
[BlackFideId "1270578"]
[EventCountry "GER"]
[EventRounds "9"]
[EventType "swiss"]
[EventDate "2012.05.26"]

1. e4 e5 2. Nf3 Nc6 3. Bc4 Nf6 4. Ng5 d5 5. exd5 Na5 6. Bb5+ c6 7. dxc6 bxc6 8.
Bd3 Bc5 9. O-O O-O 10. Nc3 Bb6 11. b3 h6 12. Nf3 Qd6 13. Bb2 Nd7 14. Qe1 f5 15.
Rc1 e4 16. Nxe4 fxe4 17. Qxe4 Nf6 18. Bxf6 Qxf6 19. Ne5 Bf5 20. Qxf5 Qxf5 21.
Bxf5 Rxf5 22. Ng6 Rf6 23. Ne5 Rd8 24. d3 Nb7 25. a4 Rd5 26. Nf3 Rdf5 27. Rce1
Rf8 28. Re7 R5f7 29. Re6 Rf6 30. Re7 R6f7 31. Re6 Rf6 32. Re7 R8f7 33. Re8+ Rf8
34. Re7 R8f7 35. Re8+ Kh7 36. h3 Nd6 37. Re5 Rg6 38. Kh1 Rgf6 39. c4 Nf5 40.
Re4 Rd7 41. d4 Re7 42. Rxe7 Nxe7 43. c5 Ba5 44. Rd1 Nd5 45. Ne5 Re6 46. g3 g5
47. Kg1 Bc3 48. Kg2 Ba5 1/2-1/2

[Event "DEM U14w 2012"]
[Site "Oberhof GER"]
[Date "2012.05.30"]
[Round "6"]
[White "Koch, Elisabeth"]
[Black "Eltze, Marlen"]
[Result "1-0"]
[Termination "normal"]
[Board "12"]
[WhiteElo "1739"]
[BlackElo "1183"]
[PlyCount "115"]
[WhiteFideId "24695068"]
[EventCountry "GER"]
[EventRounds "9"]
[EventType "swiss"]
[EventDate "2012.05.26"]

1. e4 e5 2. Nf3 Nc6 3. Bc4 Bc5 4. c3 Nf6 5. d3 d5 6. exd5 Nxd5 7. Qb3 Be6 8.
Qxb7 Nde7 9. Bxe6 fxe6 10. Qb5 Qd6 11. O-O O-O 12. b4 Bb6 13. Bg5 Ng6 14. Na3
Rab8 15. Qc4 a5 16. Nb5 Qd7 17. a4 axb4 18. cxb4 h6 19. Bd2 Nf4 20. Rfc1 Ne2+
21. Kh1 Nxc1 22. Rxc1 Nd8 23. Nxe5 Qc8 24. f3 Rf5 25. Ng4 Rd5 26. Bxh6 Qd7 27.
Bf4 Rxd3 28. Qc2 Nc6 29. Nc3 Nxb4 30. Qb2 Rd8 31. h3 Nc6 32. Ne4 Bd4 33. Qc2
Nb4 34. Qxc7 Qxc7 35. Bxc7 Rc8 36. Nd6 Ra8 37. a5 Ra6 38. Nb5 Ba7 39. Nxa7 Rxa7
40. Bb6 Rad7 41. Rc8+ Kh7 42. Kh2 Rd2 43. Ne3 Ra2 44. Re8 Nd5 45. Rxe6 Nxe3 46.
Bxe3 Re2 47. Re5 Rd3 48. Bf4 Ra3 49. Rxe2 Rxa5 50. Re7 Kg8 51. g4 Kf8 52. Re5
Ra4 53. Re4 Ra2+ 54. Kg3 Kf7 55. h4 Ra5 56. h5 Kf6 57. g5+ Kf7 58. Kg4 1-0

[Event "DEM U14w 2012"]
[Site "Oberhof GER"]
[Date "2012.05.30"]
[Round "6"]
[White "Morio, Estelle"]
[Black "Silber, Stefanie"]
[Result "1-0"]
[Termination "normal"]
[Board "13"]
[WhiteElo "1355"]
[BlackElo "1036"]
[PlyCount "119"]
[WhiteFideId "12951951"]
[BlackFideId "12918245"]
[EventCountry "GER"]
[EventRounds "9"]
[EventType "swiss"]
[EventDate "2012.05.26"]

1. f4 d5 2. Nf3 g6 3. e3 Bg7 4. Be2 Nf6 5. b3 O-O 6. Bb2 c5 7. O-O Bf5 8. d3
Nc6 9. Qe1 Nb4 10. Bd1 Rc8 11. a3 Nc6 12. Nbd2 Qb6 13. Ne5 Be6 14. Ndf3 Qc7 15.
Nxc6 Qxc6 16. Ne5 Qb6 17. Rb1 Rc7 18. b4 cxb4 19. Bd4 Qd6 20. axb4 a6 21. Bc5
Rxc5 22. bxc5 Qxc5 23. Rxb7 d4 24. e4 Rc8 25. Qb4 Qxb4 26. Rxb4 Nd7 27. Nxd7
Bxd7 28. Rb7 Bb5 29. Rxe7 Bf6 30. Rb7 Kg7 31. g4 Bd8 32. g5 Bc6 33. Rb4 a5 34.
Rxd4 Bb6 35. c3 Bxd4+ 36. cxd4 a4 37. Bg4 Rd8 38. d5 Bb5 39. Ra1 Bxd3 40. Rxa4
f5 41. gxf6+ Kxf6 42. e5+ Kg7 43. Rd4 Bb5 44. d6 h5 45. Bh3 Kf8 46. e6 Kg7 47.
d7 Kf8 48. Re4 Ke7 49. Kf2 Bc6 50. Re1 Bb5 51. Ke3 Bc6 52. Kd4 Ba4 53. Kc5 h4
54. Kb6 Kf6 55. Kc7 Ke7 56. Rb1 Bxd7 57. exd7 Rxd7+ 58. Bxd7 Kf6 59. Rb6+ Kg7
60. Kd8 1-0

[Event "DEM U14w 2012"]
[Site "Oberhof GER"]
[Date "2012.05.30"]
[Round "6"]
[White "Holschuh, Luisa"]
[Black "Reyher, Susan"]
[Result "1-0"]
[Termination "normal"]
[Board "14"]
[WhiteElo "1289"]
[BlackElo "1413"]
[PlyCount "65"]
[WhiteFideId "12951978"]
[BlackFideId "24686107"]
[EventCountry "GER"]
[EventRounds "9"]
[EventType "swiss"]
[EventDate "2012.05.26"]

1. e4 c5 2. c3 e6 3. d4 cxd4 4. cxd4 Nf6 5. Nc3 d6 6. Nf3 a6 7. Bd3 Qc7 8. Bf4
Nbd7 9. Rc1 e5 10. Nd5 Qd8 11. Nc7+ Ke7 12. Nxa8 exf4 13. O-O g6 14. Re1 Bh6
15. Nc7 Kf8 16. Qb3 Kg7 17. e5 dxe5 18. dxe5 Ng8 19. e6 Ndf6 20. exf7 Ne7 21.
Ne6+ Bxe6 22. Qxe6 Nc6 23. Bc4 Rf8 24. Rcd1 Qb8 25. Ne5 Nxe5 26. Rxe5 f3 27. g3
Qa8 28. Rd6 Kh8 29. Qxf6+ Bg7 30. Qe7 Qc8 31. Rd8 Qh3 32. Rxf8+ Bxf8 33. Qxf8#
1-0

[Event "DEM U14w 2012"]
[Site "Oberhof GER"]
[Date "2012.05.31"]
[Round "7"]
[White "Bluhm, Sonja Maria"]
[Black "Kempe, Anne"]
[Result "1-0"]
[Termination "normal"]
[Board "1"]
[WhiteElo "1973"]
[BlackElo "1648"]
[PlyCount "39"]
[WhiteFideId "24654027"]
[BlackFideId "12918083"]
[EventCountry "GER"]
[EventRounds "9"]
[EventType "swiss"]
[EventDate "2012.05.26"]

1. e4 c5 2. Nc3 Nc6 3. Bb5 e6 4. Bxc6 bxc6 5. d3 d5 6. f4 f6 7. Nf3 Bd6 8. O-O
Ne7 9. e5 fxe5 10. fxe5 Bc7 11. Nh4 g6 12. Qe2 Nf5 13. Nxf5 exf5 14. Bh6 Qd7
15. Rae1 Ba5 16. e6 Qd6 17. Rxf5 d4 18. Ne4 Qe7 19. Rf7 Qd8 20. Nf6+ 1-0

[Event "DEM U14w 2012"]
[Site "Oberhof GER"]
[Date "2012.05.31"]
[Round "7"]
[White "Wiesner, Paula"]
[Black "Manusina, Nicole"]
[Result "1-0"]
[Termination "normal"]
[Board "2"]
[WhiteElo "1770"]
[BlackElo "1783"]
[PlyCount "101"]
[WhiteFideId "24654019"]
[BlackFideId "24657514"]
[EventCountry "GER"]
[EventRounds "9"]
[EventType "swiss"]
[EventDate "2012.05.26"]

1. d4 d5 2. c4 e6 3. Nc3 Be7 4. cxd5 exd5 5. Bf4 c6 6. Qc2 Nf6 7. e3 Nbd7 8.
Bd3 O-O 9. Nf3 Re8 10. O-O-O Nf8 11. h4 b5 12. Ne5 Bd7 13. g4 Rc8 14. g5 Nh5
15. Nxd7 Qxd7 16. Bf5 Qb7 17. Bxc8 Rxc8 18. Kb1 Nd7 19. Qe2 Nxf4 20. exf4 Nb6
21. Qf3 b4 22. Ne2 Nc4 23. f5 Rb8 24. Ka1 Qa6 25. Rd3 Rb5 26. f6 Bd6 27. Nc1
Ra5 28. Re1 Qc8 29. Qe2 Bf8 30. Qe8 Qf5 31. fxg7 Kxg7 32. b3 Qxf2 33. Qe2 Qxe2
34. Rxe2 Nd6 35. Rc2 Ra6 36. Ne2 Ne4 37. Rd1 Kg8 38. Rdc1 c5 39. dxc5 Bg7+ 40.
Kb1 Nc3+ 41. Nxc3 bxc3 42. Rxc3 Bxc3 43. Rxc3 Rc6 44. b4 Rc8 45. Rd3 Rd8 46.
Kc2 Kf8 47. a4 Ke7 48. Kc3 Ke6 49. Kd4 Rb8 50. b5 a6 51. b6 1-0

[Event "DEM U14w 2012"]
[Site "Oberhof GER"]
[Date "2012.05.31"]
[Round "7"]
[White "Schwarz, Larissa"]
[Black "Heinemann, Josefine"]
[Result "1-0"]
[Termination "normal"]
[Board "3"]
[WhiteElo "1875"]
[BlackElo "1853"]
[PlyCount "153"]
[WhiteFideId "24699004"]
[BlackFideId "12900460"]
[EventCountry "GER"]
[EventRounds "9"]
[EventType "swiss"]
[EventDate "2012.05.26"]

1. e4 c5 2. Nf3 e6 3. d4 cxd4 4. Nxd4 Nf6 5. Nc3 Bb4 6. Bd3 Nc6 7. Nxc6 dxc6 8.
O-O e5 9. h3 Be6 10. Bd2 O-O 11. Qe2 Qe7 12. Rad1 Rad8 13. a3 Bc5 14. Na4 Bd6
15. b4 a5 16. bxa5 Bxa3 17. Nb6 Bb4 18. Bxb4 Qxb4 19. Ra1 Nd7 20. Rfb1 Qe7 21.
Nxd7 Rxd7 22. Rb6 Qc5 23. Qe3 Qc3 24. Qe1 Qxe1+ 25. Rxe1 Ra8 26. Ra1 Kf8 27.
Kf1 Ke7 28. Ke2 Kd8 29. a6 bxa6 30. Rxc6 a5 31. Ke3 Rc7 32. Rb6 a4 33. Rb4 a3
34. c4 Rca7 35. Kd2 Kc7 36. Kc3 Kc6 37. Rb3 Ra5 38. Ra2 Kc5 39. f3 Ra4 40. Rb5+
Kd6 41. Rb6+ Kc7 42. Rb3 R8a5 43. Rb4 Kc6 44. Rxa4 Rxa4 45. Kb3 Ra7 46. Kb4
Rb7+ 47. Kc3 Ra7 48. Kb4 g5 49. Bf1 Rb7+ 50. Kxa3 Kc5 51. Rc2 Rb1 52. Be2 f6
53. Rb2 Rxb2 54. Kxb2 Bxc4 55. Bxc4 Kxc4 56. Kc2 Kd4 57. Kd2 h5 58. h4 gxh4 59.
Ke2 Kc5 60. Ke3 Kd6 61. Kd3 Ke6 62. Kc4 f5 63. Kc5 fxe4 64. fxe4 Kf6 65. Kd6
Kg5 66. Kxe5 Kg4 67. Kf6 Kg3 68. Kg5 h3 69. gxh3 h4 70. e5 Kxh3 71. e6 Kg3 72.
e7 h3 73. e8=Q Kg2 74. Qe4+ Kg1 75. Kg4 h2 76. Kg3 h1=Q 77. Qe1# 1-0

[Event "DEM U14w 2012"]
[Site "Oberhof GER"]
[Date "2012.05.31"]
[Round "7"]
[White "Zahn, Alina"]
[Black "Weber, Sandra"]
[Result "1-0"]
[Termination "normal"]
[Board "4"]
[WhiteElo "1773"]
[BlackElo "1617"]
[PlyCount "69"]
[WhiteFideId "24696730"]
[BlackFideId "1270049"]
[EventCountry "GER"]
[EventRounds "9"]
[EventType "swiss"]
[EventDate "2012.05.26"]

1. e4 d5 2. exd5 Qxd5 3. Nc3 Qa5 4. d4 Nf6 5. Bc4 Bg4 6. Nf3 c6 7. h3 Bh5 8.
Bd2 Qd8 9. g4 Bg6 10. Bf4 e6 11. Qe2 Nd5 12. Nxd5 cxd5 13. Bb5+ Nc6 14. Ne5 Qb6
15. h4 O-O-O 16. Bxc6 bxc6 17. O-O-O c5 18. h5 f6 19. hxg6 fxe5 20. Bxe5 c4 21.
Rxh7 Rxh7 22. gxh7 Be7 23. c3 Rh8 24. Rh1 Bf6 25. Bxf6 gxf6 26. Rh6 Kd7 27. Qc2
Qd6 28. Rxf6 Ke7 29. g5 Qh2 30. Qe2 Qh3 31. Rh6 Qg2 32. Qxe6+ Kd8 33. Qf6+ Kc7
34. Qg7+ Kb8 35. Qxh8+ 1-0